Länder mit dem längsten Autobahn-Netz - Statistiken

Allgemein
  • Dieses Quiz wurde 661 mal gespielt
  • Das Durchschnittsergebnis liegt bei 16 aus 20
Antwortstatistiken
Länge in km Land % Korrekt
13.183 Deutschland
100%
76.334 Vereinigte Staaten
100%
136.000 China
99%
11.416 Frankreich
97%
16.205 Spanien
96%
17.000 Kanada
95%
6.965 Italien
94%
7.176 Mexiko
91%
11.000 Brasilien
90%
3.836 Polen
90%
8.428 Japan
86%
3.123 Australien
84%
3.519 Vereinigtes Königreich
82%
2.127 Türkei
70%
2.232 Österreich
68%
2.613 Portugal
66%
3.654 Niederlande
61%
4.193 Südkorea
60%
2.387 Chile
54%
4.590 Saudi-Arabien
54%
Keine übereinstimmenden Quizze gefunden
Verteilung der Resultate
Anzahl Personen mit jedem Resultat
Perzentil nach korrekt beantworteten Fragen
Ihre Resultats-Entwicklung
Sie haben dieses Quiz noch nicht gespielt